<?xml version="1.0" encoding="UTF-8"?>
<marc:record xmlns:marc="http://www.loc.gov/MARC21/slim">
   <marc:leader>00000nam a2200000 a 4500</marc:leader>
   <marc:datafield ind1="1" ind2=" " tag="100">
      <marc:subfield code="a">Almeida, Carla Maia de</marc:subfield>
      <marc:subfield code="4">aut</marc:subfield>
      <marc:subfield code="e">Verfasser/-in</marc:subfield>
   </marc:datafield>
   <marc:datafield ind1=" " ind2=" " tag="653">
      <marc:subfield code="a">Jugendroman</marc:subfield>
   </marc:datafield>
   <marc:datafield ind1="0" ind2="0" tag="245">
      <marc:subfield code="a">Bruder Wolf</marc:subfield>
   </marc:datafield>
   <marc:datafield ind1=" " ind2="1" tag="264">
      <marc:subfield code="a">Frankfurt am Main</marc:subfield>
      <marc:subfield code="b">S. Fischer Verlag GmbH</marc:subfield>
      <marc:subfield code="c">2016</marc:subfield>
   </marc:datafield>
   <marc:datafield ind1="1" ind2=" " tag="520">
      <marc:subfield code="a">Wenn man fünfzehn ist, sind sieben Jahre fast das halbe Leben. So lange ist es her, dass Bolotas Kindheit jäh endete. Dass in jenem Sommer alles außer Kontrolle geriet, weiß Bolota mit Sicherheit, warum und wie genau das passierte, jedoch nicht. Ihre Erinnerungen sind Bruchstücke. Da war die Autofahrt mit ihrem Vater zum Haus der Großeltern. Die Rückfahrt durch den Wald. Das Feuer, das immer näher kam. Der Vater, der Hilferufe hörte und in die Flammen lief. Und da war plötzlich ihr Hund, der aus dem Nichts neben dem Wagen auftauchte und ihr beistand &#x96; ihr Bruder Wolf</marc:subfield>
   </marc:datafield>
   <marc:datafield ind1=" " ind2=" " tag="020">
      <marc:subfield code="a">9783737353601</marc:subfield>
      <marc:subfield code="9">9783737353601</marc:subfield>
   </marc:datafield>
   <marc:datafield ind1=" " ind2=" " tag="041">
      <marc:subfield code="a">ger</marc:subfield>
   </marc:datafield>
   <marc:datafield ind1=" " ind2=" " tag="300">
      <marc:subfield code="a">172</marc:subfield>
   </marc:datafield>
</marc:record>
